| 000 | 00999cab a2200241 4500 | ||
|---|---|---|---|
| 001 | X93055 | ||
| 008 | 090401t1998 xxu||||| |||| 00| 0 eng d | ||
| 035 | _a(Sirsi) u87604 | ||
| 041 | _aeng | ||
| 245 | _aLB Havering v Network Sites Ltd | ||
| 260 | _c1998 | ||
| 350 | _a0 | ||
| 490 |
_aJournal of Planning and Environment Law _v[1998] JPL 648-652(5) |
||
| 520 | _aHC 14 November 1997. Advertisement hoarding on flank wall of shop containing five windows - whether deemed consent for advertisement under Town and Country Planning (Control of Advertisements) Regulations 1992 - meaning of `shop window` - prosecution - acquittal - appeal by Council to High Court by way of case stated - appeal allowed. | ||
| 650 | _aADVERTISEMENTS | ||
| 650 | _aBUSINESS PREMISES | ||
| 650 | _aHOARDINGS | ||
| 650 | _aSHOP WINDOW | ||
| 650 | _aTOWN AND COUNTRY PLANNING (CONTROL OF ADVERTISEMENTS) REGULATIONS 1992 | ||
| 690 | _aPLANNING LAW AND PRACTICE-CASE LAW | ||
| 942 | _n0 | ||
| 948 | _c23/07/1998 | ||
| 999 |
_c55265 _d55265 |
||